[Event "POL-chT U20 2nd League"]
[Site "Sypniewo"]
[Date "2025.06.20"]
[Round "3.57"]
[White "Mucha, Wojciech1"]
[Black "Korczakowski, Michal"]
[Result "0-1"]
[WhiteElo "1524"]
[BlackElo "1778"]
[PlyCount "38"]
[EventDate "2025.06.18"]
[EventType "team-swiss"]
[EventRounds "9"]
[EventCountry "POL"]
[SourceTitle "CB27_2025"]
[SourceDate "2025.07.02"]
[SourceVersion "1"]
[SourceVersionDate "2025.07.02"]
[SourceQuality "1"]
[WhiteTeam "Zakrzewo Korona"]
[BlackTeam "Białołeka Sparta"]
[WhiteTeamCountry "POL"]
[BlackTeamCountry "POL"]

1. e4 e6 2. d4 d5 3. exd5 exd5 4. Nf3 Nc6 5. Nc3 Bg4 6. Bb5 Nf6 7. Bg5 Be7 8. h3 Bh5 9. Be2 0-0 10. 0-0 Re8 11. Re1 Ne4 12. Bxe7 Rxe7 13. Nxe4 Rxe4 14. c3 Qe7 15. g4 Bg6 16. Bb5 Qf6 17. Bd3 Rxe1+ 18. Nxe1 Re8 19. Qf3 Qxf3 0-1

[Event "POL-chT U20 2nd League"]
[Site "Sypniewo"]
[Date "2025.06.19"]
[Round "2.9"]
[White "Korczakowski, Michal"]
[Black "Wojciechowski, Szymon"]
[Result "1-0"]
[WhiteElo "1778"]
[BlackElo "1917"]
[PlyCount "87"]
[EventDate "2025.06.18"]
[EventType "team-swiss"]
[EventRounds "9"]
[EventCountry "POL"]
[SourceTitle "CB27_2025"]
[SourceDate "2025.07.02"]
[SourceVersion "1"]
[SourceVersionDate "2025.07.02"]
[SourceQuality "1"]
[WhiteTeam "Białołeka Sparta"]
[BlackTeam "Poznan Politechnika"]
[WhiteTeamCountry "POL"]
[BlackTeamCountry "POL"]

1. e4 c5 2. Nf3 d6 3. d4 cxd4 4. Nxd4 Nf6 5. f3 e5 6. Nb3 d5 7. Bg5 d4 8. c3 Nc6 9. cxd4 Bb4+ 10. Bd2 Nxe4 11. Bxb4 Qh4+ 12. g3 Nxg3 13. hxg3 Qxh1 14. Ba3 Qh2 15. d5 Qxg3+ 16. Kd2 Bf5 17. Ke3 0-0-0 18. Nc3 e4 19. Qe1 Qxf3+ 20. Kd2 Be6 21. d6 Bxb3 22. axb3 Nd4 23. Rd1 Qf4+ 24. Qe3 Nxb3+ 25. Ke2 Qxe3+ 26. Kxe3 f5 27. Bc4 Na5 28. Be6+ Kb8 29. d7 g6 30. b4 Nc6 31. b5 Na5 32. Bd6+ Ka8 33. Be5 f4+ 34. Kxe4 Rhf8 35. Bg7 Rf5 36. Bxf5 gxf5+ 37. Kxf4 b6 38. Bf6 Nb7 39. Bxd8 Nxd8 40. Kxf5 Kb7 41. Nd5 a5 42. bxa6+ Kxa6 43. Nc7+ Kb7 44. Ne6 1-0

[Event "POL-chT U20 2nd League"]
[Site "Sypniewo"]
[Date "2025.06.18"]
[Round "1.99"]
[White "Korczakowski, Michal"]
[Black "Szuszkiewicz, Stanislaw"]
[Result "1-0"]
[WhiteElo "1778"]
[BlackElo "1621"]
[PlyCount "88"]
[EventDate "2025.06.18"]
[EventType "team-swiss"]
[EventRounds "9"]
[EventCountry "POL"]
[SourceTitle "CB27_2025"]
[SourceDate "2025.07.02"]
[SourceVersion "1"]
[SourceVersionDate "2025.07.02"]
[SourceQuality "1"]
[WhiteTeam "Białołeka Sparta"]
[BlackTeam "Warszawa Caissa"]
[WhiteTeamCountry "POL"]
[BlackTeamCountry "POL"]

1. e4 c5 2. Nf3 d6 3. d4 cxd4 4. Nxd4 Nf6 5. f3 a6 6. c4 e5 7. Nb3 Be7 8. Nc3 Be6 9. Be3 Nbd7 10. Qd2 Rc8 11. Nd5 Bxd5 12. cxd5 0-0 13. g3 Qc7 14. Bh3 Qc2 15. Rc1 Qxd2+ 16. Kxd2 Rfd8 17. Na5 Rxc1 18. Rxc1 Rb8 19. b4 Bd8 20. Ba7 Ra8 21. Nxb7 Rxa7 22. Nxd8 g5 23. Bf5 Ra8 24. Nb7 Rb8 25. Rc7 Nf8 26. Nxd6 Rxb4 27. Kc2 Ra4 28. Kb3 Rd4 29. Nxf7 Rd3+ 30. Kc4 Rd2 31. Nh6+ Kh8 32. Rf7 Rxh2 33. Rxf8+ Kg7 34. Rf7+ Kxh6 35. Rxf6+ Kg7 36. Rxa6 Rf2 37. d6 Kf7 38. Ra7+ Ke8 39. d7+ Ke7 40. Ra8 Rd2 41. Re8+ Kf7 42. d8Q Rd3 43. Qd6 Rxd6 44. Rd8 Rxd8 1-0

[Event "Lazy Baltic Pearl op-A 20th"]
[Site "Lazy"]
[Date "2024.06.29"]
[Round "6"]
[White "Cyra, Dariusz"]
[Black "Korczakowski, Michal"]
[Result "1-0"]
[WhiteElo "1878"]
[BlackElo "1727"]
[PlyCount "62"]
[EventDate "2024.06.24"]
[EventType "swiss"]
[EventRounds "9"]
[EventCountry "POL"]
[SourceTitle "CBM 220 Extra"]
[Source "ChessBase"]
[SourceDate "2024.07.31"]
[SourceVersion "1"]
[SourceVersionDate "2024.07.31"]
[SourceQuality "1"]

1. e4 e6 2. d4 d5 3. Bd3 c5 4. exd5 exd5 5. Nf3 Nc6 6. c3 Nf6 7. 0-0 Be7 8. Nbd2 c4 9. Bc2 0-0 10. b3 b5 11. a4 b4 12. bxc4 bxc3 13. Nb1 Bg4 14. c5 Ne4 15. Ra3 Qa5 16. h3 Bh5 17. g4 Bg6 18. Bf4 Nb4 19. Ne5 Bf6 20. Nxg6 fxg6 21. Bxe4 dxe4 22. Nxc3 Nd3 23. Bd6 Rf7 24. Nxe4 Nb4 25. Nxf6+ gxf6 26. Qf3 Rc8 27. Rd1 Nc2 28. Qc3 Qxc3 29. Rxc3 Nb4 30. d5 Na6 31. c6 Nb8 1-0

[Event "Lazy Baltic Pearl op-A 20th"]
[Site "Lazy"]
[Date "2024.06.25"]
[Round "2"]
[White "Koszowski, Krystian"]
[Black "Korczakowski, Michal"]
[Result "1-0"]
[WhiteElo "1828"]
[BlackElo "1727"]
[PlyCount "125"]
[EventDate "2024.06.24"]
[EventType "swiss"]
[EventRounds "9"]
[EventCountry "POL"]
[SourceTitle "CBM 220 Extra"]
[Source "ChessBase"]
[SourceDate "2024.07.31"]
[SourceVersion "1"]
[SourceVersionDate "2024.07.31"]
[SourceQuality "1"]

1. e4 e6 2. Nf3 d5 3. exd5 exd5 4. d4 Nc6 5. Bb5 Bd6 6. 0-0 Nge7 7. Re1 0-0 8. h3 f6 9. Nc3 Bd7 10. Ba4 Nb4 11. Bb3 c6 12. a3 Na6 13. Ne2 Ng6 14. c4 dxc4 15. Bxc4+ Kh8 16. Bxa6 bxa6 17. Qd3 Qc8 18. Bd2 Bf5 19. Qc3 Be6 20. Rac1 Bd5 21. h4 Rb8 22. b4 a5 23. h5 Ne7 24. Qd3 Qf5 25. Qxf5 Nxf5 26. Rb1 axb4 27. Bxb4 g5 28. hxg6 hxg6 29. Bxd6 Nxd6 30. Nf4 Rxb1 31. Rxb1 Be4 32. Re1 Re8 33. Nd2 Kg7 34. Nxe4 Rxe4 35. Rxe4 Nxe4 36. Ne6+ Kg8 37. Nd8 c5 38. f3 c4 39. Nc6 Nd6 40. Kf2 Kf7 41. Nxa7 c3 42. Ke2 Nc4 43. Kd3 Nxa3 44. Kxc3 Ke6 45. Nc6 Nb5+ 46. Kc4 Nd6+ 47. Kd3 g5 48. g3 Nf5 49. g4 Nd6 50. Nb4 f5 51. Nc2 f4 52. Na3 Kd5 53. Nb1 Ke6 54. Nc3 Ke7 55. Ne4 Nf7 56. Kc4 Ke6 57. Kc5 Ke7 58. d5 Kd8 59. d6 Kc8 60. Kd5 Kd7 61. Nf6+ Kd8 62. Ke6 Nh6 63. d7 1-0